000 00513nam a2200205Ia 4500
005 20220804154154.0
008 131103s9999 xx 000 0 und d
020 _a1844776719
040 _aLoreto College
041 _aEnglish
082 _a552
_bFAR
100 _aFarndon, John
245 4 _aThe complete guide to rocks & minerals
_cJohn Farndon
260 _aLondon
_bHermes house
_c2006
300 _a256p.
_b pic.
504 _aIncludes index
650 _aPetrology
850 _aLCLIB
942 _cBK
999 _c35939
_d86418